00293nam a2200109 a 450000500170000000800410001705000170005810000170007524500440009226000410013644000060017720140414131908.0101002s19uu xx 00 eng d aERbEl1 199? aBase, Graeme aThe eleventh hour :ba curious mystery. aNew York :bHarry N. Abrams,c199?. a